LDR 00911naa#a2200181#i#450# 001 RU\\bibl\20285 005 20260701075900.3 100 ## _a20260630b2026####ek#y0rusy0150####ca 102 ## _aRU 200 1# _aСИСТЕМНЫЙ ПОДХОД УПРАВЛЕНИЯ ЗАПАСАМИ ОРГАНИЗАЦИИ ПРИ ПРОИЗВОДСТВЕ ЭЛЕКТРОНИКИ _eСтатья/тезисы конференции 210 1# _aВоронеж _cВоронежский государственный лесотехнический университет имени Г.Ф. Морозова _d2026 215 ## _a4 с. 608 ## _aСтатья/тезисы конференции _2local 675 ## _aСистемный уровень. Системный анализ. 303.732 _z 700 #1 _aСумин _gВ. И. 700 #1 _aДубровин _gА. С. 700 #1 _aКравченко _gАндрей Сергеевич 856 4# _abibl.vgltu.ru _u